George Wimpey Manchester Limited v Valley & Vale Properties Limited (in administration), Andrew Hosking, and Martin Ellis (Record no. 84176)

MARC details
000 -LEADER
fixed length control field 01186cab a22001935a 4500
001 - CONTROL NUMBER
control field L156848
008 - FIXED-LENGTH DATA ELEMENTS--GENERAL INFORMATION
fixed length control field 120719e2012 xxk 000 0 eng d
035 ## - SYSTEM CONTROL NUMBER
System control number (Sirsi) u156848
041 0# - LANGUAGE CODE
Language code of text/sound track or separate title eng
245 00 - TITLE STATEMENT
Title George Wimpey Manchester Limited v Valley & Vale Properties Limited (in administration), Andrew Hosking, and Martin Ellis
260 ## - PUBLICATION, DISTRIBUTION, ETC.
Date of publication, distribution, etc. 2012
520 ## - SUMMARY, ETC.
Summary, etc. [2012] EWCA Civ 233, 1 March 2012. Concerns a seller's rights where a buyer failed to pay the purchase price, in particular the "unpaid vendor's lien"concept, and whether this entitled the seller to require the buyer to provide a deed of release of the seller from certain liabilities. "Held": appeal allowed. Respondent W had onerous obligations to appellant V. The agreement to surrender W's lease to V required a release of W. W was unable to use the unpaid vendor's lien to obtain the lease.
590 ## - LOCAL NOTE (RLIN)
Local note KA
650 24 - SUBJECT ADDED ENTRY--TOPICAL TERM
Topical term or geographic name entry element GEORGE WIMPEY MANCHESTER LTD V VALLEY & VALE PROPERTIES LTD (IN ADMINISTRATION) AND ORS
651 #4 - SUBJECT ADDED ENTRY--GEOGRAPHIC NAME
Geographic name England and Wales
Chronological subdivision 1543-
690 ## - LOCAL SUBJECT ADDED ENTRY--TOPICAL TERM (OCLC, RLIN)
Topical term or geographic name as entry element Landlord and tenant
9 (RLIN) 6252
856 40 - ELECTRONIC LOCATION AND ACCESS
Uniform Resource Identifier <a href="https://www.bailii.org/ew/cases/EWCA/Civ/2012/233.html">https://www.bailii.org/ew/cases/EWCA/Civ/2012/233.html</a>
Public note View the law report at www.bailii.org
942 ## - ADDED ENTRY ELEMENTS (KOHA)
Suppress in OPAC 0
Holdings
Withdrawn status Lost status Source of classification or shelving scheme Damaged status Not for loan Home library Current library Shelving location Date acquired Total Checkouts Full call number Barcode Date last seen Copy number Price effective from Koha item type
    Dewey Decimal Classification     Virtual Virtual Online 19/07/2012   ONLINE PUBLICATION 156848-2001 06/08/2019 1 06/08/2019 Law report